Statistics for Top Gold Producing Countries

Click here to take the quiz!

General Stats

  • This quiz has been taken 49 times
  • The average score is 10 of 14

Answer Stats

Metric TonsCountry% Correct
70Brazil
98%
245Russia
98%
211USA
98%
160Canada
95%
450China
93%
150South Africa
93%
270Australia
91%
92Mexico
86%
50Chile
79%
150Peru
72%
65Indonesia
65%
90Ghana
28%
102Uzbekistan
26%
60Papua New Guinea
14%

Score Distribution

Percentile by Number Answered

Percent of People with Each Score

Your Score History

You have not taken this quiz